[Event "SR 3. liga A2 2007/2008"]
[Site "?"]
[Date "2008.03.30"]
[Round "11"]
[White "Cechovic, Stefan"]
[Black "Stetina, Erik"]
[Result "1-0"]
[WhiteElo "2164"]
[BlackElo "2085"]
[PlyCount "65"]
[EventDate "2007.??.??"]

1. Nf3 Nf6 2. c4 e6 3. d4 Bb4+ 4. Bd2 Qe7 5. e3 b6 6. Bd3 Bb7 7. Nc3 O-O 8. O-O
d6 9. a3 Bxc3 10. Bxc3 Ne4 11. Be1 Nd7 12. Nd2 Nxd2 13. Bxd2 f5 14. f3 e5 15.
Be2 Rae8 16. d5 Bc8 17. b4 f4 18. Bd3 Qg5 19. Re1 Nf6 20. exf4 exf4 21. Qc2 Nh5
22. Bxh7+ Kf7 23. Rxe8 Rxe8 24. Be4 Rh8 25. c5 Ng3 26. cxb6 Ne2+ 27. Kf2 Rxh2
28. Qxc7+ Kf8 29. Qxc8+ Kf7 30. Qd7+ Kf8 31. Qxd6+ Kf7 32. Qe6+ Kf8 33. Qf5+
1-0

[Event "SR 3. liga A2 2007/2008"]
[Site "?"]
[Date "2008.03.30"]
[Round "11"]
[White "Sturdik, Igor"]
[Black "Sarmir, Milos"]
[Result "1/2-1/2"]
[WhiteElo "2020"]
[BlackElo "2112"]
[PlyCount "120"]
[EventDate "2007.??.??"]

1. e4 c6 2. d4 d5 3. Nd2 dxe4 4. Nxe4 Nd7 5. Bc4 e6 6. Qe2 Nb6 7. Nf3 Nxc4 8.
Qxc4 Be7 9. O-O Qd5 10. Qxd5 cxd5 11. Ng3 Nf6 12. Ne5 Nd7 13. f4 f6 14. Nf3 b6
15. Re1 Kf7 16. f5 Nf8 17. fxe6+ Bxe6 18. Rf1 Kg8 19. Bd2 Bd6 20. Rae1 Bg4 21.
Ne2 Bf5 22. Bf4 Rd8 23. Bxd6 Rxd6 24. Rc1 Ng6 25. Ng3 Bd7 26. Rce1 Re6 27. Rxe6
Bxe6 28. Re1 Kf7 29. c3 Nf4 30. Ne2 Nd3 31. Rb1 Re8 32. Kf1 Bf5 33. Ng3 Bg4 34.
Ne1 Nf4 35. Nc2 Bd7 36. Re1 Bb5+ 37. Kg1 Rd8 38. Re3 h5 39. Ne1 g6 40. h4 Rd6
41. Kf2 Re6 42. Nf1 Bxf1 43. Rxe6 Kxe6 44. Kxf1 Kf5 45. g3 Ne6 46. Kf2 Ke4 47.
Ke2 Ng7 48. Nd3 g5 49. Nf2+ Kf5 50. Kf3 gxh4 51. gxh4 Kg6 52. Nd3 Nf5 53. Nf4+
Kf7 54. Nxh5 Nxh4+ 55. Kg4 Ng2 56. Kg3 Ne3 57. Nf4 Nd1 58. Nd3 Ne3 59. Kf3 Nf5
60. Nf4 Ne7 1/2-1/2

[Event "SR 3. liga A2 2007/2008"]
[Site "?"]
[Date "2008.03.30"]
[Round "11"]
[White "Liptak, Tomas"]
[Black "Bukovsky, Milan"]
[Result "1-0"]
[WhiteElo "1987"]
[BlackElo "2024"]
[PlyCount "57"]
[EventDate "2007.??.??"]

1. e4 d5 2. exd5 Nf6 3. Bb5+ Bd7 4. Bxd7+ Nbxd7 5. c4 g6 6. Nc3 Bg7 7. d4 O-O
8. Nf3 c6 9. dxc6 bxc6 10. O-O Qc7 11. Re1 e6 12. Qe2 Rfd8 13. Bg5 Rdb8 14. Bh4
Qb6 15. Na4 Qb4 16. b3 Nh5 17. Rad1 Re8 18. Qe4 Rac8 19. Ne5 Nhf6 20. Qf3 Qd6
21. Bg3 Qa3 22. Nxc6 Qxa2 23. Nxa7 Ra8 24. Nb5 Rxa4 25. bxa4 Qxa4 26. Nd6 Rf8
27. Ra1 Qc2 28. Re2 Qf5 29. Nxf5 1-0

[Event "SR 3. liga A2 2007/2008"]
[Site "?"]
[Date "2008.03.30"]
[Round "11"]
[White "Krist, Milan"]
[Black "Vlkovic, Pavol"]
[Result "1/2-1/2"]
[WhiteElo "2055"]
[BlackElo "1930"]
[PlyCount "51"]
[EventDate "2007.??.??"]

1. d4 e6 2. c4 f5 3. Nc3 Nf6 4. Nf3 d5 5. e3 c6 6. Be2 Bd6 7. O-O O-O 8. Ne5
Nbd7 9. f4 Ne4 10. Nxe4 fxe4 11. Bd2 Nxe5 12. fxe5 Be7 13. Qb3 b6 14. Rxf8+
Bxf8 15. Rc1 c5 16. Qc3 a5 17. b3 Ba6 18. Bg4 Qe8 19. Qc2 g6 20. Rf1 h5 21. Be2
Ra7 22. Bc1 Rf7 23. Rxf7 Qxf7 24. cxd5 Bxe2 25. Qxe2 exd5 26. Qf1 1/2-1/2

[Event "SR 3. liga A2 2007/2008"]
[Site "?"]
[Date "2008.03.30"]
[Round "11"]
[White "Liptak, Dusan"]
[Black "Mosny, Jaroslav"]
[Result "1/2-1/2"]
[WhiteElo "1729"]
[BlackElo "2014"]
[PlyCount "68"]
[EventDate "2007.??.??"]

1. d4 Nf6 2. c4 e6 3. Nf3 b6 4. g3 Bb7 5. Bg2 Be7 6. O-O O-O 7. b3 d6 8. Bb2
Nbd7 9. Nbd2 Ne4 10. Nxe4 Bxe4 11. Nd2 Bxg2 12. Kxg2 d5 13. e4 dxe4 14. Nxe4
Nf6 15. Qf3 Nxe4 $11 16. Qxe4 Bf6 17. Rad1 Qd7 18. f4 Rfe8 19. g4 g6 20. g5 Bg7
21. h4 a5 22. h5 a4 23. b4 c6 24. Rh1 b5 25. Rd3 bxc4 26. Rdh3 Qd5 27. Kf3 Red8
28. hxg6 hxg6 29. Ke3 Rab8 30. Bc3 Qxe4+ 31. Kxe4 Rd5 32. a3 Rbd8 33. R3h2 Kf8
34. Rd2 Kg8 $11 1/2-1/2

[Event "SR 3. liga A2 2007/2008"]
[Site "?"]
[Date "2008.03.30"]
[Round "11"]
[White "Puchart, Vladimir"]
[Black "Markuliak, Mario"]
[Result "1-0"]
[WhiteElo "2024"]
[BlackElo "1663"]
[PlyCount "41"]
[EventDate "2007.??.??"]

1. d4 d5 2. c4 e6 3. Nf3 Nf6 4. Bg5 Be7 5. Nc3 h6 6. Bh4 O-O 7. e3 b6 8. cxd5
Nxd5 9. Bxe7 Nxe7 10. Rc1 Bb7 11. Bb5 a6 12. Ba4 Nd7 13. O-O Rc8 14. Bxd7 Qxd7
15. Qb3 Bxf3 16. gxf3 Nf5 17. Ne4 Rfe8 18. f4 Nh4 19. Kh1 e5 20. Rg1 exf4 21.
Nf6+ 1-0

[Event "SR 3. liga A2 2007/2008"]
[Site "?"]
[Date "2008.03.30"]
[Round "11"]
[White "Hornak, Pavol"]
[Black "Hagara, Vladimir"]
[Result "0-1"]
[WhiteElo "1792"]
[BlackElo "1972"]
[PlyCount "155"]
[EventDate "2007.??.??"]

1. d4 Nf6 2. c4 g6 3. Nc3 d5 4. Nf3 Bg7 5. Qa4+ Bd7 6. Qb3 Bc6 7. c5 Nbd7 8. e3
a6 9. Bd3 O-O 10. O-O e6 11. Qc2 Re8 12. Ne2 e5 13. dxe5 Nxe5 14. Nxe5 Rxe5 15.
Nd4 Be8 16. b4 c6 17. Bb2 Re7 18. Nf3 Qc7 19. Bd4 Bd7 20. Qb2 Nh5 21. h3 Bxd4
22. Qxd4 Ng7 23. Qh4 Bf5 24. Bxf5 Nxf5 25. Qf6 Re4 26. Qb2 Ng7 27. Rfd1 $11 Qe7
28. Nd2 Re6 29. Nf3 Nf5 30. Nd4 Nxd4 31. Rxd4 Qf6 32. Rad1 Re4 33. Qc2 Rae8 34.
a3 Qg5 35. Qb2 f5 36. g3 R8e6 37. R1d3 Qe7 38. Kg2 g5 39. Qd2 Qg7 40. Rxe4 fxe4
41. Rd4 $11 Rf6 42. Qa2 Qf7 43. Qe2 Rf3 44. Qb2 h5 45. Rd2 Qe6 46. Qa1 g4 47.
h4 Qf5 48. Qb2 Qf6 49. Qxf6 Rxf6 50. Kf1 Kf7 51. Ke1 Ke6 52. Rd4 Rf8 53. Ke2
Ra8 54. Kd2 a5 55. Kc3 axb4+ 56. Kxb4 b5 57. cxb6 Kd6 58. Rd2 c5+ 59. Kb3 Ra6
60. Kc3 Rxa3+ 61. Kb2 Ra6 62. Kc3 Rxb6 63. Rc2 Rb4 64. Kd2 d4 65. Ra2 Kd5 66.
Ra6 Rb2+ 67. Ke1 d3 68. Rh6 c4 69. Rxh5+ Kd6 70. Rh6+ Kc5 71. Rh5+ Kb4 72. Rh8
Kc3 73. Kf1 Rb1+ 74. Kg2 d2 75. Rd8 d1=Q 76. Rxd1 Rxd1 77. f4 exf3+ 78. Kf2 0-1

[Event "SR 3. liga A2 2007/2008"]
[Site "?"]
[Date "2008.03.30"]
[Round "11"]
[White "Furjel, Andrej"]
[Black "Csefalvay, Stefan"]
[Result "1/2-1/2"]
[WhiteElo "2033"]
[BlackElo "1948"]
[PlyCount "62"]
[EventDate "2007.??.??"]

1. Nf3 Nf6 2. d4 c5 3. g3 g6 4. Bg2 Bg7 5. c3 cxd4 6. cxd4 O-O 7. O-O d5 8. Nc3
Bd7 9. Ne5 Be6 10. Qd3 Nbd7 11. Nxd7 Qxd7 12. b3 Rfd8 13. e3 Bh3 14. Ba3 Bxg2
15. Kxg2 Rac8 16. Rac1 e6 17. Na4 b6 18. Nc3 Qb7 19. Nb5 Qa6 20. Be7 Re8 21.
Bxf6 Bxf6 22. a4 Be7 23. Qd2 Qb7 24. Rxc8 Rxc8 25. Rc1 a6 26. Rxc8+ Qxc8 27.
Qc3 Qxc3 28. Nxc3 Kg7 29. Kf3 h5 30. Ke2 Kf6 31. f3 Bb4 1/2-1/2

[Event "SR 3. liga A2 2007/2008"]
[Site "?"]
[Date "2008.03.30"]
[Round "11"]
[White "Vizvari, Ludovit"]
[Black "Mihalik, Anton"]
[Result "0-1"]
[WhiteElo "2050"]
[BlackElo "1981"]
[PlyCount "44"]
[EventDate "2007.??.??"]

1. d4 d5 2. c4 e6 3. Nc3 Nf6 4. Nf3 Nbd7 5. e3 Be7 6. a3 b6 7. cxd5 exd5 8. b4
Bb7 9. Bd3 O-O 10. O-O Rc8 11. Bb2 c5 12. b5 Ne4 13. Bxe4 dxe4 14. Nd2 cxd4 15.
exd4 Nf6 16. Ne2 Qd5 17. a4 Bd6 18. Ba3 Bxh2+ 19. Kxh2 Qh5+ 20. Kg3 Qg4+ 21.
Kh2 Qh4+ 22. Kg1 Ng4 0-1

[Event "SR 3. liga A2 2007/2008"]
[Site "?"]
[Date "2008.03.30"]
[Round "11"]
[White "Curidlo, Jan"]
[Black "Vegh, Vince"]
[Result "0-1"]
[WhiteElo "2042"]
[BlackElo "1887"]
[PlyCount "118"]
[EventDate "2007.??.??"]

1. e4 c5 2. Nf3 Nc6 3. Nc3 e6 4. d4 cxd4 5. Nxd4 a6 6. Be3 d6 7. f4 Nf6 8. h3
Qc7 9. g4 Nxd4 10. Bxd4 e5 11. Be3 exf4 12. Bxf4 Be6 13. Qd2 Be7 14. O-O-O b5
15. Kb1 b4 16. Nd5 Bxd5 17. Qxb4 Bxe4 18. Rh2 d5 19. Qxe4 dxe4 20. Bxc7 h6 21.
Re2 O-O 22. Bg2 Rfe8 23. Bxe4 Nxe4 24. Rxe4 Bh4 25. Rxe8+ Rxe8 26. a3 Re3 27.
Rd3 Re1+ 28. Ka2 Re2 29. Kb3 Re7 30. Ba5 Re5 31. Bc3 Re7 32. Bd4 Rd7 33. c3 h5
34. Kc2 g5 35. gxh5 f5 36. Rf3 f4 37. b4 Kh7 38. Kd3 Kh6 39. Ke4 Kxh5 40. Kf5
Rd5+ 41. Ke4 Rd8 42. c4 Bg3 43. c5 Kh4 44. Bf6 Re8+ 45. Kd4 Kxh3 46. c6 g4 47.
Rc3 f3 48. Rc1 Bc7 49. Kc5 g3 50. Bd4 f2 51. a4 Kg2 52. Rc2 Re1 53. b5 axb5 54.
axb5 Rb1 55. Bb2 Kf3 56. b6 Bxb6+ 57. Kxb6 f1=Q 58. c7 Qh3 59. Kb7 Qd7 0-1

[Event "SR 3. liga A2 2007/2008"]
[Site "?"]
[Date "2008.03.30"]
[Round "11"]
[White "Varkonyi, Miklos"]
[Black "Slaby, Jozef"]
[Result "0-1"]
[WhiteElo "1746"]
[BlackElo "1945"]
[PlyCount "57"]
[EventDate "2007.??.??"]

1. e4 e6 2. Nf3 Nf6 3. d3 h6 4. g3 d5 5. e5 Nfd7 6. Qe2 c5 7. c3 Nc6 8. h4 Qc7
9. Bf4 b5 10. Bg2 Rb8 11. O-O Ba6 12. Nbd2 Nb6 13. b3 Ne7 14. g4 Nc6 15. Bg3
Be7 16. Rfe1 O-O 17. Nf1 c4 18. bxc4 bxc4 19. d4 Na4 20. Qc2 Qa5 21. Re3 Rb2
22. Qc1 Ba3 23. g5 Rxa2 24. Qe1 Rxa1 25. Qxa1 Bb2 26. Qd1 Bxc3 27. gxh6 Nb2 28.
Qc2 Nxd4 29. hxg7 {biely èas} 0-1

[Event "SR 3. liga A2 2007/2008"]
[Site "?"]
[Date "2008.03.30"]
[Round "11"]
[White "Gono, Michal"]
[Black "Magyarics, Jozef"]
[Result "1-0"]
[WhiteElo "1682"]
[BlackElo "1567"]
[PlyCount "47"]
[EventDate "2007.??.??"]

1. d4 f5 2. e4 e6 3. exf5 exf5 4. Bd3 d5 5. Qh5+ g6 6. Qe2+ Be7 7. Bg5 Nc6 8.
Nf3 Qd6 9. Nc3 Bd7 10. Nb5 Qb4+ 11. Bd2 Qxb2 12. Bc3 Qxa1+ 13. Bxa1 O-O-O 14.
O-O Nf6 15. Nxa7+ Nxa7 16. Qxe7 Ne4 17. Qa3 Kb8 18. Ne5 Nc6 19. Bxe4 Nxe5 20.
dxe5 dxe4 21. e6 Bb5 22. Bxh8 Bxf1 23. Kxf1 Rxh8 24. Qe7 1-0

[Event "SR 3. liga A2 2007/2008"]
[Site "?"]
[Date "2008.03.30"]
[Round "11"]
[White "Bogi, Peter"]
[Black "Orvisky, Vladimir"]
[Result "0-1"]
[WhiteElo "1553"]
[BlackElo "1880"]
[PlyCount "64"]
[EventDate "2007.??.??"]

1. e4 Nf6 2. Nc3 e5 3. Nf3 Nc6 4. d4 exd4 5. Nxd4 d6 6. Bg5 Be7 7. Nxc6 bxc6 8.
Bf4 O-O 9. Bc4 Re8 10. O-O Nd7 11. Re1 Bf6 12. Qf3 Ne5 13. Bxe5 Rxe5 14. Ne2
Qe7 15. Bd3 Bd7 16. Ng3 g6 17. a3 h5 18. Ne2 Re8 19. Nc3 Bg5 20. h3 f5 21. Qe2
fxe4 22. Bc4+ d5 23. Bb3 Kg7 24. Rf1 d4 25. Nd1 c5 26. f4 exf3 27. Qxf3 Rf5 28.
Qd3 Rxf1+ 29. Qxf1 Rf8 30. Nf2 Be3 31. Re1 Bb5 32. c4 dxc3 0-1

[Event "SR 3. liga A2 2007/2008"]
[Site "?"]
[Date "2008.03.30"]
[Round "11"]
[White "Siska, Michal"]
[Black "Sooky, Ladislav"]
[Result "1/2-1/2"]
[WhiteElo "1628"]
[BlackElo "1484"]
[PlyCount "41"]
[EventDate "2007.??.??"]

1. c4 c5 2. Nc3 e6 3. Nf3 d6 4. d3 Nf6 5. Bd2 Be7 6. g3 Bd7 7. Bg2 Bc6 8. a3
O-O 9. O-O Nbd7 10. b4 Rb8 11. b5 Bxf3 12. Bxf3 Ne5 13. Bg2 Nfd7 14. a4 Ng6 15.
Qc1 Bf6 16. Ra2 Nde5 17. Ne4 Be7 18. Bc3 d5 19. cxd5 exd5 20. Bxe5 Nxe5 21. Nd2
1/2-1/2

[Event "SR 3. liga A2 2007/2008"]
[Site "?"]
[Date "2008.03.30"]
[Round "11"]
[White "Szabo, Julius"]
[Black "Sedlak, Rastislav"]
[Result "0-1"]
[WhiteElo "1350"]
[BlackElo "1595"]
[PlyCount "98"]
[EventDate "2007.??.??"]

1. e4 e5 2. Nf3 Nc6 3. Bc4 Nf6 4. Ng5 d5 5. exd5 Na5 6. Qe2 Nxc4 7. Qxc4 Qxd5
8. Qxd5 Nxd5 9. O-O h6 10. Nf3 Bd6 11. Re1 f6 12. d4 Bg4 13. dxe5 Bc5 14. exf6+
Kf8 15. Ne5 Bf5 16. g4 gxf6 17. gxf5 fxe5 18. Rxe5 c6 19. c4 Nb4 20. Re2 Rd8
21. Nc3 Nd3 22. b3 Bd4 23. Bd2 Bxf2+ 24. Kh1 h5 25. Nd1 Bd4 26. Rb1 Rg8 27. Nc3
Nf2+ 28. Rxf2 Bxf2 29. Ne4 Rd4 30. Bb4+ Kf7 31. Nxf2 Rf4 32. Nd3 Rxf5 33. Re1
h4 34. Rg1 Re8 35. Re1 h3 36. Rg1 Re2 37. Nc1 Rc2 38. Bc5 Rxc5 39. Nd3 Rf5 40.
a4 Kf6 41. Rd1 Rf3 42. Nc5 Kf5 43. Kg1 Rff2 44. Rf1 Rxf1+ 45. Kxf1 Rxh2 46. Kg1
Rd2 47. b4 Kf4 48. b5 Kf3 49. a5 h2+ 0-1

[Event "SR 3. liga A2 2007/2008"]
[Site "?"]
[Date "2008.03.30"]
[Round "11"]
[White "Sebesta, Radovan"]
[Black "Meszaros, Lorant"]
[Result "1/2-1/2"]
[WhiteElo "2118"]
[BlackElo "2103"]
[PlyCount "41"]
[EventDate "2007.??.??"]

1. d4 f5 2. Bg5 c6 3. e3 g6 4. Nf3 Bg7 5. Bd3 d6 6. Bc4 h6 7. Bh4 d5 8. Bd3 g5
9. Bg3 Nf6 10. Nbd2 O-O 11. Be5 Nbd7 12. h3 Nxe5 13. Nxe5 Ne4 14. O-O Bxe5 15.
dxe5 Qc7 16. Bxe4 dxe4 17. Qh5 Qxe5 18. Qxh6 Qf6 19. Qxf6 Rxf6 20. Rad1 Be6 21.
Nb3 $11 1/2-1/2

[Event "SR 3. liga A2 2007/2008"]
[Site "?"]
[Date "2008.03.30"]
[Round "11"]
[White "Szitasi, Janos"]
[Black "Palka, Miroslav"]
[Result "1/2-1/2"]
[WhiteElo "1987"]
[BlackElo "2025"]
[PlyCount "131"]
[EventDate "2007.??.??"]

1. e4 c5 2. Nf3 d6 3. d4 cxd4 4. Nxd4 Nf6 5. Nc3 g6 6. Be2 Bg7 7. O-O O-O 8.
Be3 Nc6 9. Qd2 Bd7 10. Rad1 Ng4 11. Bxg4 Bxg4 12. f3 Bd7 13. Nxc6 bxc6 14. Bd4
Bxd4+ 15. Qxd4 Qb6 16. Qxb6 axb6 17. Rd2 Be6 18. a3 Ra5 19. f4 f5 20. Re1 Kf7
21. h3 h5 22. Rde2 Re8 23. Rd2 Rb8 24. Rde2 Rb7 25. e5 dxe5 26. Rxe5 Rxe5 27.
Rxe5 Rd7 28. Re2 Rd4 29. Rf2 b5 30. Kh2 Kf6 31. Kg3 Bf7 32. Kf3 e5 33. Ke3 Rxf4
34. Rxf4 exf4+ 35. Kxf4 g5+ 36. Kg3 Ke5 37. a4 bxa4 38. Nxa4 Kd4 39. Kf2 Bd5
40. Nc3 Bc4 41. Kf3 f4 42. h4 gxh4 43. Kxf4 Bf1 44. Kf3 h3 45. gxh3 Bxh3 46.
Ne2+ Kc4 47. Ke3 Bg4 48. Ng3 h4 49. Nf1 Bf5 50. Kf4 Bxc2 51. Kg5 Kb3 52. Kxh4
Kxb2 53. Ne3 Kc3 54. Kg3 Be4 55. Kf2 Kd3 56. Ng4 Kd2 57. Ne5 c5 58. Nc4+ Kc3
59. Nd6 Bg6 60. Ke3 Kc2 61. Ke2 Bd3+ 62. Ke1 Kc1 63. Kf2 Kd2 64. Kf3 Bg6 65.
Kf4 Bh7 66. Ke5 1/2-1/2

[Event "SR 3. liga A2 2007/2008"]
[Site "?"]
[Date "2008.03.30"]
[Round "11"]
[White "Zisek, Jaroslav"]
[Black "Ollos, Ladislav"]
[Result "1-0"]
[WhiteElo "1922"]
[BlackElo "1995"]
[PlyCount "23"]
[EventDate "2007.??.??"]

1. c4 e6 2. Nc3 Nf6 3. e4 d5 4. cxd5 exd5 5. e5 d4 6. exf6 dxc3 7. dxc3 Qxf6 8.
Be3 Bd6 9. Nf3 Bg4 10. Qa4+ Bd7 11. Qe4+ Kd8 12. Bg5 1-0

[Event "SR 3. liga A2 2007/2008"]
[Site "?"]
[Date "2008.03.30"]
[Round "11"]
[White "Both, Lajos"]
[Black "Fidericky, Milan"]
[Result "1-0"]
[WhiteElo "1951"]
[BlackElo "1883"]
[PlyCount "71"]
[EventDate "2007.??.??"]

1. e4 c6 2. d4 d5 3. e5 Bf5 4. g4 Bd7 5. Nc3 e6 6. h4 h6 7. f4 Bb4 8. Bd2 Qb6
9. Nf3 Na6 10. a3 Bxc3 11. Bxc3 Ne7 12. Bd3 Qc7 13. Qd2 b5 14. a4 Qb7 15. b4
Nc7 16. a5 a6 17. h5 O-O-O 18. Nh4 Rdg8 19. Qf2 Ne8 20. f5 Kb8 21. Bd2 f6 22.
Ng6 Nxg6 23. hxg6 Rf8 24. Qg3 Ka7 25. Rf1 Qc8 26. fxe6 Bxe6 27. Bf5 h5 28. Bxe6
Qxe6 29. gxh5 Rxh5 30. Bf4 fxe5 31. dxe5 Nd6 32. Be3+ Kb7 33. Rxf8 Rxe5 34.
O-O-O Rxe3 35. Qh4 Qxg6 36. Qd8 1-0

[Event "SR 3. liga A2 2007/2008"]
[Site "?"]
[Date "2008.03.30"]
[Round "11"]
[White "Lelkes, Geza"]
[Black "Lanik, Miroslav"]
[Result "0-1"]
[WhiteElo "1795"]
[BlackElo "1580"]
[PlyCount "64"]
[EventDate "2007.??.??"]

1. e4 c5 2. Nc3 d6 3. Bc4 e6 4. d3 Nf6 5. a3 Be7 6. h3 Nc6 7. Bd2 a6 8. Ba2 Qc7
9. Nf3 O-O 10. O-O b5 11. Ne2 d5 12. exd5 Nxd5 13. c4 Nf6 14. cxb5 axb5 15. Rc1
Nd5 16. Bb1 Bb7 17. Qc2 g6 18. Bh6 Rfe8 19. Nd2 Rac8 20. Ne4 Ne5 21. f4 Ne3 22.
Qc3 Nxf1 23. Kxf1 Bxe4 24. dxe4 Bf6 25. fxe5 Bxe5 26. Qc2 Qe7 27. b3 g5 28. Qd2
Qf6+ 29. Kg1 Qxh6 30. Rf1 Red8 31. Qa5 g4 32. Qc3 Bxc3 0-1

[Event "SR 3. liga A2 2007/2008"]
[Site "?"]
[Date "2008.03.30"]
[Round "11"]
[White "Pribila, Gerhard"]
[Black "Sulek, Viliam"]
[Result "0-1"]
[WhiteElo "2026"]
[BlackElo "2172"]
[PlyCount "80"]
[EventDate "2007.??.??"]

1. e4 c5 2. Nf3 Nc6 3. d4 cxd4 4. Nxd4 Nf6 5. Nc3 d6 6. Bg5 e6 7. Qd2 Be7 8.
O-O-O O-O 9. f4 h6 10. h4 a6 11. Bxf6 Bxf6 12. Nxc6 bxc6 13. g3 Qa5 14. Bc4 d5
15. Bb3 Bxc3 16. Qxc3 Qxc3 17. bxc3 a5 18. a4 Ba6 19. exd5 cxd5 20. Rd4 Rac8
21. Kd2 Rc5 22. Re1 $11 Rfc8 23. Re3 g6 24. g4 Kg7 25. f5 R5c6 26. fxe6 fxe6
27. Rf3 g5 28. h5 Rf8 29. Re3 Rf1 30. Bxd5 exd5 31. Rxd5 Bc4 32. Rd7+ Rf7 33.
Rd8 Re6 34. Rxe6 Bxe6 35. Ra8 Bxg4 36. Rxa5 Bxh5 37. Re5 Bf3 38. c4 g4 39. c5
g3 40. Re1 g2 0-1

[Event "SR 3. liga A2 2007/2008"]
[Site "?"]
[Date "2008.03.30"]
[Round "11"]
[White "Kantor, Tamas st"]
[Black "Pribila, Michal"]
[Result "0-1"]
[WhiteElo "2059"]
[BlackElo "2067"]
[PlyCount "58"]
[EventDate "2007.??.??"]

1. e4 c5 2. d4 cxd4 3. c3 dxc3 4. Nxc3 e6 5. Bc4 a6 6. Nf3 b5 7. Bb3 Bb7 8. Qe2
Nc6 9. O-O Bb4 10. Rd1 Na5 11. Bg5 Be7 12. Bxe7 Qxe7 13. Bc2 Nf6 14. e5 Nd5 15.
Ne4 O-O 16. Nfg5 g6 17. Rac1 Nc4 18. Rxd5 exd5 19. Nf6+ Kg7 20. h4 Qxe5 21.
Nh5+ gxh5 22. Qxh5 h6 23. b3 hxg5 24. Qh7+ Kf6 25. hxg5+ Ke7 26. g6 Qh8 27. g7
Qxh7 28. gxf8=Q+ Rxf8 29. Bxh7 Nd6 0-1

[Event "SR 3. liga A2 2007/2008"]
[Site "?"]
[Date "2008.03.30"]
[Round "11"]
[White "Kocak, Branislav"]
[Black "Kantor, Reka"]
[Result "0-1"]
[WhiteElo "1855"]
[BlackElo "1780"]
[PlyCount "102"]
[EventDate "2007.??.??"]

1. d4 Nf6 2. c4 e6 3. Nf3 Bb4+ 4. Bd2 Qe7 5. Nc3 Nc6 6. e3 O-O 7. Bd3 d6 8. O-O
a5 9. e4 Bxc3 10. Bxc3 e5 11. d5 Nb8 12. Bd2 b6 13. h3 Na6 14. Bg5 h6 15. Bh4
Nc5 16. Re1 Ba6 17. Qd2 Rac8 18. Nh2 Nfxe4 19. Rxe4 Nxe4 20. Bxe7 Nxd2 21. Bxf8
Kxf8 22. b3 e4 23. Bc2 e3 24. fxe3 Re8 25. Kf2 Bc8 26. Rd1 Ne4+ 27. Bxe4 Rxe4
28. Nf3 Bd7 29. Rd4 Re7 30. Nd2 f5 31. h4 Kf7 32. a3 Kf6 33. g3 g5 34. Kf3 Rg7
35. Nb1 Ke5 36. Nc3 Rf7 37. Rd2 gxh4 38. gxh4 Rg7 39. Rg2 Rg4 40. Rh2 f4 41.
exf4+ Rxf4+ 42. Ke3 a4 43. bxa4 Rxc4 44. Kd2 Kd4 45. Rf2 Rxc3 46. Rf4+ Ke5 47.
Rf7 Rxa3 48. Rxd7 Rxa4 49. h5 Rh4 50. Rxc7 Kxd5 51. Rb7 Kc6 0-1

[Event "SR 3. liga A2 2007/2008"]
[Site "?"]
[Date "2008.03.30"]
[Round "11"]
[White "Puobis, Jozef"]
[Black "Vach, Jozef"]
[Result "1-0"]
[WhiteElo "2021"]
[BlackElo "1944"]
[PlyCount "41"]
[EventDate "2007.??.??"]

1. e4 e5 2. Nf3 Nc6 3. Bc4 Be7 4. d4 d6 5. dxe5 Nxe5 6. Nxe5 dxe5 7. Qh5 g6 8.
Qxe5 Nf6 9. Bh6 Rg8 10. Bg5 Ng4 11. Qf4 Nf6 12. Nc3 Be6 13. Bxe6 fxe6 14. Rd1
Nd7 15. Bxe7 Qxe7 16. Qxc7 Nc5 17. Qe5 Rc8 18. O-O a6 19. Rd6 Rc6 20. Rfd1 Rxd6
21. Rxd6 1-0

[Event "SR 3. liga A2 2007/2008"]
[Site "?"]
[Date "2008.03.30"]
[Round "11"]
[White "Brunovsky, Peter"]
[Black "Bott, Tamas"]
[Result "1/2-1/2"]
[WhiteElo "1687"]
[BlackElo "1827"]
[PlyCount "60"]
[EventDate "2007.??.??"]

1. c4 Nf6 2. Nc3 e6 3. g3 Nc6 4. Bg2 Bb4 5. a3 Bxc3 6. bxc3 O-O 7. e4 Ne5 8. d3
c6 9. f4 Ng6 10. e5 Ne8 11. Be3 d6 12. d4 d5 13. cxd5 exd5 14. Nf3 f6 15. O-O
Bg4 16. h3 Bd7 17. g4 fxe5 18. Nxe5 Nxe5 19. fxe5 Nc7 20. Qb3 Qc8 21. Bg5 Ne6
22. Be7 Rxf1+ 23. Rxf1 Qe8 24. Bd6 b6 25. Qb1 Rc8 $11 26. Rf2 Qd8 27. Qf5 Kh8
28. Qh5 Be8 29. Qf5 Bd7 30. Qh5 Be8 $11 1/2-1/2

[Event "SR 3. liga A2 2007/2008"]
[Site "?"]
[Date "2008.03.30"]
[Round "11"]
[White "Kosar, Mikulas ml"]
[Black "Zajicek, Ferdinand"]
[Result "1-0"]
[WhiteElo "1935"]
[BlackElo "1798"]
[PlyCount "25"]
[EventDate "2007.??.??"]

1. e4 e5 2. Nf3 Nc6 3. d4 exd4 4. Bc4 h6 5. c3 Na5 6. Bxf7+ Kxf7 7. Ne5+ Kf6 8.
Qxd4 c5 9. Ng4+ Kg6 10. Qe3 d6 11. Qg3 Bxg4 12. Qxg4+ Kh7 13. Qf5+ 1-0

[Event "SR 3. liga A2 2007/2008"]
[Site "?"]
[Date "2008.03.30"]
[Round "11"]
[White "Kastler, Peter"]
[Black "Kantor, Tamas ml"]
[Result "1-0"]
[WhiteElo "1679"]
[BlackElo "1788"]
[PlyCount "110"]
[EventDate "2007.??.??"]

1. d4 d5 2. c4 e6 3. Nc3 Bb4 4. Bd2 Nf6 5. e3 c5 6. Nf3 O-O 7. Bd3 Nc6 8. a3
Ba5 9. dxc5 d4 10. exd4 Nxd4 11. Nxd4 Qxd4 12. Be2 Rd8 13. b4 Bc7 14. Ra2 Ne4
15. Nxe4 Qxe4 16. O-O Rb8 17. Qe1 b6 18. cxb6 axb6 19. f3 Qe5 20. g3 Bb7 21.
Bc3 Qg5 22. Qf2 Bf4 23. Kh1 Be3 24. Qe1 f5 25. Bd1 Qh6 26. Re2 f4 27. Bc2 fxg3
28. Qxg3 Bf4 29. Qg4 e5 30. Bxe5 Bxe5 31. Rxe5 g6 32. Bb3 Rd2 33. Qe6+ Kh8 34.
Qf6+ Qg7 35. Qxg7+ Kxg7 36. Kg1 Rd3 37. Bd1 Rxa3 38. c5 b5 39. Re6 Bd5 40. Re5
Bc6 41. Re7+ Kh6 42. Rc7 Bd5 43. Kg2 Rb7 44. Rxb7 Bxb7 45. Be2 Bc6 46. Rd1 Rb3
47. Rd6 Be8 48. c6 Rb2 49. Kf1 Rb1+ 50. Kf2 Bxc6 51. Rxc6 Rxb4 52. Rb6 Rb2 53.
Rxb5 Rxb5 54. Bxb5 Kg5 55. Kg3 h6 1-0

[Event "SR 3. liga A2 2007/2008"]
[Site "?"]
[Date "2008.03.30"]
[Round "11"]
[White "Sandor, Stefan"]
[Black "Papanek, Lubomir"]
[Result "0-1"]
[WhiteElo "1565"]
[BlackElo "1667"]
[PlyCount "96"]
[EventDate "2007.??.??"]

1. e4 c5 2. d4 cxd4 3. Nf3 Nc6 4. Nxd4 Nf6 5. Nc3 a6 6. Be3 e6 7. a3 Be7 8. Be2
O-O 9. O-O Qc7 10. Nf3 Ng4 11. Bd2 Nd4 12. Bf4 Qxf4 13. Qxd4 Bf6 14. Qd3 Qc7
15. Nd1 b6 16. h3 Ne5 17. Nxe5 Bxe5 18. Bf3 Bb7 19. c3 a5 20. Qc2 Rfd8 21. Re1
d5 22. exd5 Bxd5 23. Bxd5 Rxd5 24. Ne3 Rd7 25. Rad1 Rad8 26. Rxd7 Rxd7 27. Rd1
g6 28. Rxd7 Qxd7 29. Qd1 Qc7 30. Qd3 Qc6 31. Ng4 Bc7 32. Qe3 h5 33. Nf6+ Kg7
34. Qg5 Kf8 35. Nh7+ Kg7 36. Nf6 Kf8 37. Qh6+ Ke7 38. Nh7 Kd8 39. Nf6 Kc8 40.
Qf8+ Kb7 41. Qxf7 Qd6 42. Qd7 Qh2+ 43. Kf1 Qh1+ 44. Ke2 Qb1 45. Qd2 Qf5 46. Ne8
Qb5+ 47. Qd3 Qxe8 48. Qe4+ Kb8 0-1

[Event "SR 4. liga A21 2008/2009"]
[Site "?"]
[Date "2008.10.12"]
[Round "1.1"]
[White "Danada, Ondrej"]
[Black "Hanzluvka, Peter"]
[Result "1-0"]
[WhiteElo "1891"]
[BlackElo "2038"]
[PlyCount "77"]
[EventDate "2008.??.??"]

1. e4 c5 2. Nf3 d6 3. d4 cxd4 4. Nxd4 Nf6 5. Nc3 a6 6. Bg5 e6 7. f4 Be7 8. Qf3
Qc7 9. O-O-O Nbd7 10. g4 b5 11. Bxf6 Bxf6 12. Bxb5 O-O 13. Bxd7 Bxd7 14. g5 Be7
15. h4 Rfc8 16. f5 Qd8 17. Rhg1 Kh8 18. Rdf1 Rc4 19. f6 Bf8 20. Nde2 g6 21. h5
Rc5 22. hxg6 fxg6 23. Nf4 Qe8 24. Nd3 Ra5 25. b4 Ra3 26. Kb2 Rxc3 27. Kxc3 Ba4
28. Kb2 Rc8 29. Rg2 a5 30. Rh2 h5 31. f7 Bg7+ 32. Kb1 Qf8 33. Rxh5+ gxh5 34.
Qxh5+ Bh6 35. Qxh6+ Qxh6 36. gxh6 Rf8 37. Nf4 Rxf7 38. Ng6+ Kg8 39. Rxf7 1-0